Country Flags With Green Removed 2 - Statistics

General Stats
  • This quiz has been taken 94 times
  • The average score is 13 of 16
Answer Stats
Picture Answer % Correct
Brazil
96%
India
96%
Malawi
91%
Central African Republic
89%
Burkina Faso
88%
Guyana
86%
Mauritania
85%
Gambia
83%
Maldives
83%
Republic of the Congo
83%
Guinea Bissau
81%
Mali
81%
Bolivia
78%
Comoros
75%
Hungary
74%
Bulgaria
56%
No matching quizzes found
Score Distribution
Percent of People with Each Score
Percentile by Number Answered
Your Score History
You have not taken this quiz